000 03103cam a2200289 4500500
005 20260301001046.0
041 _afre
042 _adc
100 1 0 _aPellecchia, Alessandra
_eauthor
245 0 0 _aÉducation thérapeutique du patient et médecine intégrative : quelles perspectives ?
260 _c2026.
500 _a86
520 _aL’éducation thérapeutique du patient (ETP) s’inscrit dans une continuité avec l’éducation à la santé, en s’appuyant sur les mêmes valeurs éthiques et en proposant les mêmes méthodes et outils. De façon plus spécifique, l’ETP s’adresse à une partie de la population, de plus en plus nombreuse, composée de personnes ayant une ou plusieurs maladies chroniques. Des convergences semblent se dessiner avec la médecine intégrative qui combine la médecine conventionnelle et les approches complémentaires, telles que : phytothérapie, aromathérapie, acupuncture, hypnose, sophrologie, méditation, pratiques psychocorporelles et bien d’autres. Dans cette perspective, l’ETP permettrait de développer les ressources et capacités de chacun pour prendre soin de soi par un plus large choix de pratiques de santé intégrant les moyens propres à la médecine conventionnelle et les méthodes complémentaires. Cet article explore la correspondance des approches et les liens entre les pratiques, propose des repères méthodologiques et tente de mettre en lumière quelques perspectives.
520 _aTherapeutic patient education (TPE) is situated within a continuum of health education, grounded in shared ethical values and employing similar methods and tools. More specifically, TPE targets an increasingly large population of individuals living with one or more chronic diseases. Notable convergences appear with integrative medicine, which combines conventional medicine with complementary approaches such as phytotherapy, aromatherapy, acupuncture, hypnosis, sophrology, meditation, and various mind-body practices. Within this framework, TPE facilitates the development of patients’ resources and capacities to engage in self-care through a broader range of health practices that integrate both conventional and complementary methods. This article examines the correspondence between these approaches, explores the connections among practices, proposes methodological guidelines, and highlights potential future directions.
690 _aéducation à la santé
690 _aéducation thérapeutique du patient
690 _aintervention non-médicamenteuse
690 _amédecine intégrative
690 _aprendre soin de soi
690 _ahealth education
690 _aintegrative medicine
690 _anon-pharmacological intervention
690 _aself-care
690 _atherapeutic patient education
786 0 _nÉducation thérapeutique du patient / Therapeutic patient education | 17 | 2 | 2026-02-12 | p. 32-37 | 2100-0808
856 4 1 _uhttps://stm.cairn.info/revue-education-therapeutique-du-patient-therapeutic-patient-education-2025-2-page-32?lang=fr&redirect-ssocas=7080
999 _c1673024
_d1673024